Most Peaceful Us States - Statistics

General Stats
  • This quiz has been taken 50 times
  • The average score is 8 of 10
Answer Stats
Rating Answer % Correct
1.31 Maine
93%
1.55 New Hampshire
91%
1.78 Hawaii
86%
1.74 North Dakota
86%
1.55 Vermont
86%
1.78 Washington
84%
1.79 Rhode Island
79%
1.87 Iowa
72%
1.72 Utah
70%
1.61 Minnesota
63%
No matching quizzes found
Score Distribution
Percent of People with Each Score
Percentile by Number Answered
Your Score History
You have not taken this quiz